000
00227nam a2200097Ia 4500
008
230508s1986 xx 000 0 und d
041
_a
eng
100
_a
HOUGEN/WATSON.
245
_a
CHEMICAL PROCESS PRINCIPLES.
260
_c
1986
999
_c
316276
_d
316276